| Поле | Инд. | ПП | Название | Значение |
|---|---|---|---|---|
| Тип записи | a | |||
| Библиографический уровень | m | |||
| 001 | Контрольный номер | 8c3f5e08-d9a3-11d9-8547-008048b56a28 | ||
| 005 | Дата корректировки | 20140703134645.1 | ||
| 008 | Кодируемые данные | 050610 | ||
| 020 | a | ISBN | 5-03-003461-7 (рус.) | |
| c | Цена, тираж | 120.00 | ||
| 040 | a | Служба первич. каталог. | НБ ТвГУ | |
| 041 | a | Код языка текста | rus | |
| 080 | a | Индекс УДК | 547.7 | |
| 084 | a | Индекс другой классификации/Индекс ББК | Г26 | |
| 090 | x | Авторский знак | Д42 | |
| a | Полочн. индекс | Г26 | ||
| 100 | 1_ | a | Автор | Джоуль Джон |
| 245 | 00 | a | Заглавие | Химия гетероциклических соединений |
| c | Ответственность | Дж. Джоуль, К. Миллс ; пер. с англ. Ф. В. Зайцевой и А. В. Карчава ; под ред. М. А. Юровской | ||
| 250 | a | Основные сведения об издании | 2-е изд., перераб. | |
| 260 | 0_ | a | Место издания | Москва |
| c | Дата издания | 2004 | ||
| b | Издательство | Мир | ||
| 300 | a | Объем | 728 с. | |
| b | Иллюстрации/ тип воспроизводства | ил., табл. | ||
| c | Размеры | 24 см | ||
| 440 | a | Серия | Лучший зарубежный учебник | |
| 500 | a | Примечание | Доп. тит. л. англ. | |
| 504 | a | Библиография | Библиогр. в конце разд. | |
| 583 | a | Действие | Получение впервые 177 10.06.2005 | |
| k | Исполнитель действия | Дар РГГУ | ||
| 583 | a | Действие | Приписка 178 14.06.2005 | |
| k | Исполнитель действия | Дар РГГУ | ||
| 650 | a | Основная рубрика | Гетероциклические соединения | |
| x | Основная подрубрика | Химия | ||
| 650 | a | Основная рубрика | Органическая химия | |
| 653 | a | Ключевые слова | Гетероциклические соединения | |
| 700 | 1_ | a | Другие авторы | Миллс Кейт |
| e | Роль лиц | авт. | ||
| 700 | 1_ | a | Другие авторы | Зайцева Ф. В. |
| e | Роль лиц | пер. | ||
| 700 | 1_ | a | Другие авторы | Карчав А .В. |
| e | Роль лиц | пер. | ||
| 700 | 1_ | a | Другие авторы | Юровская М. А. |
| e | Роль лиц | ред. | ||
| 852 | t | Порядковый номер экземпляра | 2 | |
| p | Инвентарный номер | 809417 | ||
| p | Инвентарный номер | 809471 | ||
| 863 | t | 00072876 | ||
| 863 | t | 00072830 | ||
| 888 | a | Бесплатные | ||
| 952 | p | 177.2005 120.00 1 809417 | ||
| p | 178.2005 120.00 1 809471 | |||
| c | Вид литературы | К рн | ||
| 954 | a | Дата поступления на обработку | 20050624 | |
| 999 | a | Подразделение 2 | Фил3 |